000
00238nam a2200097Ia 4500
008
200302s9999 xx 000 0 und d
100
_a
Author
245
_a
Idea Wood / 2 Open Staircases Vol 4
260
_b
Idea Books Ltd.,
300
_a
117 P.,
999
_c
1714
_d
1714